<?xml version="1.0" encoding="utf-8"?>
<?xml-stylesheet type='text/xsl' href='./oai2.xsl'?>
<OAI-PMH xmlns="http://www.openarchives.org/OAI/2.0/" xmlns:xsi="http://www.w3.org/2001/XMLSchema-instance" xsi:schemaLocation="http://www.openarchives.org/OAI/2.0/ http://www.openarchives.org/OAI/2.0/OAI-PMH.xsd">
  <responseDate>2026-04-29T07:42:35Z</responseDate>
  <request verb="GetRecord" metadataPrefix="marcxml" identifier="isil_DE-35_blacherb_145264653">https://kulturerbe.niedersachsen.de/oai</request>
  <GetRecord>
    <record>
      <header>
        <identifier>isil_DE-35_blacherb_145264653</identifier>
        <datestamp>2013-08-14T08:46:53Z</datestamp>
        <setSpec>slg0024</setSpec>
      </header>
      <metadata>
        <marc:record xmlns:marc="http://www.loc.gov/MARC21/slim" xsi:schemaLocation="http://www.loc.gov/MARC21/slim http://www.loc.gov/standards/marcxml/schema/MARC21slim.xsd">
          <marc:leader>12345nam  22     uu 4500</marc:leader>
          <marc:controlfield tag="001">blacherb_145264653</marc:controlfield>
          <marc:controlfield tag="005">2013-08-14T10:46:53</marc:controlfield>
          <marc:controlfield tag="008">s           |||||||||||||||||de||</marc:controlfield>
          <marc:datafield tag="245" ind1="1" ind2="0">
            <marc:subfield code="a">Herbarivm Blackwellianvm Emendatvm Et Avctvm Id Est Elisabethae Blackwell Collectio Stirpivm Qvae In Pharmacopoliis Ad Medicvm Vsvm Asservantvr Qvarvm Descriptio Et Vires Ex Anglico Idiomate In Latinvm Conversae Sistvntvr Figvrae Maximam Partem Ad Natvrale Exemplar Emendantvr Floris Frvctvsqve Partivm Repraesentatione Avgentvr Et Probatis Botanicorvm Nominibvs Illvstrantvr : Zweytes Hundert</marc:subfield>
          </marc:datafield>
          <marc:datafield tag="720" ind1=" " ind2=" ">
            <marc:subfield code="a">Blackwell</marc:subfield>
          </marc:datafield>
          <marc:datafield tag="655" ind1=" " ind2="7">
            <marc:subfield code="a">Druckschriften</marc:subfield>
          </marc:datafield>
          <marc:datafield tag="260" ind1=" " ind2=" ">
            <marc:subfield code="a">Norimbergae</marc:subfield>
            <marc:subfield code="a">Norimbergae</marc:subfield>
            <marc:subfield code="b">Eisenbergerus</marc:subfield>
            <marc:subfield code="b">Launoy</marc:subfield>
            <marc:subfield code="c">1754</marc:subfield>
            <marc:subfield code="c">1754</marc:subfield>
          </marc:datafield>
          <marc:datafield tag="300" ind1=" " ind2=" ">
            <marc:subfield code="a">2°</marc:subfield>
          </marc:datafield>
          <marc:datafield tag="520" ind1=" " ind2=" ">
            <marc:subfield code="a">Projektbezogene Teildigitalisierung</marc:subfield>
          </marc:datafield>
          <marc:datafield tag="773" ind1="0" ind2=" ">
            <marc:subfield code="t">Königliche Gartenbibliothek Herrenhausen – Drucke</marc:subfield>
          </marc:datafield>
          <marc:datafield tag="852" ind1=" " ind2=" ">
            <marc:subfield code="a">Gottfried Wilhelm Leibniz Bibliothek - Niedersächsische Landesbibliothek</marc:subfield>
          </marc:datafield>
          <marc:datafield tag="" ind1=" " ind2=" ">
            <marc:subfield code="a">Public Domain Mark 1.0</marc:subfield>
          </marc:datafield>
          <marc:datafield tag="" ind1=" " ind2=" ">
            <marc:subfield code="a">Dieses Exponat kann nur nach vorheriger Rücksprache zur Verfügung gestellt werden.</marc:subfield>
          </marc:datafield>
        </marc:record>
      </metadata>
    </record>
  </GetRecord>
</OAI-PMH>
